| 000 | 00604nam a2200229Ia 4500 | ||
|---|---|---|---|
| 005 | 20240401101406.0 | ||
| 008 | 131103s9999 xx 000 0 und d | ||
| 020 |
_a9.79E+12 _c399.00 |
||
| 040 | _aLoreto College | ||
| 041 | _aEnglish | ||
| 082 |
_a515 _bMAL |
||
| 100 | _aMalik,S.C. | ||
| 245 |
_aMathematical analysis _cS.C.Malik and Savita Arora |
||
| 250 | _a4th ed | ||
| 260 |
_aNew Delhi _bNew Age International _c2012 |
||
| 300 | _axiv,870p | ||
| 504 | _aIncludes bibliographical references and index | ||
| 650 | _aAnalysis | ||
| 700 | _aArora,Savita | ||
| 850 | _aLCLIB | ||
| 942 | _cBK | ||
| 999 |
_c39467 _d89946 |
||